Old Cartoons by Characters - Statistics

General Stats
  • This quiz has been taken 56 times
  • The average score is 10 of 21
Answer Stats
Hint Answer % Correct
Tom Cat, Spike Tom and Jerry
98%
Pink Panther, The Inspector Pink Panther
86%
Barney Rubble, Fred Flintstone The Flintstones
86%
Daphne Blake, Velma Dinkley Scooby Doo, Where Are You?
84%
Morticia Addams, Cousin Itt The Addams Family
78%
George Jetson, Rosie the Maid The Jetsons
76%
Olive Oyl, Bluto Popeye the Sailor
74%
Tweety Bird, Elmer Fudd Looney Tunes
68%
Rocky, Bullwinkle The Adventures of Rocky and Bullwinkle and Friends
56%
Felix, Poindexter Felix the Cat
46%
Chim-Chim, Racer X Speed Racer
40%
Hong Kong Phooey, Spot the Cat Hong Kong Phooey
38%
Space Ghost, Dino Boy Space Ghost and Dino Boy
36%
Bimbo the Dog, Junior Boop Betty Boop
30%
Josie McCoy, Valerie Brown Josie and the Pussycats
28%
Superman, The Wonder Twins Super Friends
26%
Dick Dastardly, Muttley Wacky Races
26%
Dumb Donald, Mush Mouth The Adventures of Fat Albert and the Cosby Kids
24%
Race Bannon, Hadji Jonny Quest
22%
Bill, Interplanet Janet Schoolhouse Rock
10%
Dr. Tenma, Uran Astro Boy
4%
No matching quizzes found
Score Distribution
Percent of People with Each Score
Percentile by Number Answered
Your Score History
You have not taken this quiz